Focus (Record no. 83865)
[ view plain ]
| 000 -LEADER | |
|---|---|
| fixed length control field | 00862cab a22002175a 4500 |
| 001 - CONTROL NUMBER | |
| control field | L155455 |
| 008 - FIXED-LENGTH DATA ELEMENTS--GENERAL INFORMATION | |
| fixed length control field | 120323e20120310xxk 000 0 eng d |
| 035 ## - SYSTEM CONTROL NUMBER | |
| System control number | (Sirsi) u155455 |
| 041 0# - LANGUAGE CODE | |
| Language code of text/sound track or separate title | eng |
| 100 1# - MAIN ENTRY--PERSONAL NAME | |
| Personal name | Simmons, Mark |
| 245 00 - TITLE STATEMENT | |
| Title | Focus |
| Remainder of title | Berks, Bucks and Oxen |
| 260 ## - PUBLICATION, DISTRIBUTION, ETC. | |
| Date of publication, distribution, etc. | 2012 |
| 490 ## - SERIES STATEMENT | |
| Series statement | Estates Gazette |
| Volume/sequential designation | (1210) 10 March 2012, 67-79(8) |
| 520 ## - SUMMARY, ETC. | |
| Summary, etc. | Reading is a popular location for firms seeking Grade A office space in the Thames Valley and M25 corridor. Banbury is emerging as a retail and industrial hot spot. There is a glut of available secondary office space. Market health check focuses on office, industrial and prime retail industrial rents, take up and availability. |
| 651 #4 - SUBJECT ADDED ENTRY--GEOGRAPHIC NAME | |
| Geographic name | Berkshire |
| 651 #4 - SUBJECT ADDED ENTRY--GEOGRAPHIC NAME | |
| Geographic name | Buckinghamshire |
| 651 #4 - SUBJECT ADDED ENTRY--GEOGRAPHIC NAME | |
| Geographic name | Oxfordshire |
| 690 ## - LOCAL SUBJECT ADDED ENTRY--TOPICAL TERM (OCLC, RLIN) | |
| Topical term or geographic name as entry element | Commercial property |
| 9 (RLIN) | 6227 |
| 700 1# - ADDED ENTRY--PERSONAL NAME | |
| Personal name | Wehner, Piers |
| 942 ## - ADDED ENTRY ELEMENTS (KOHA) | |
| Suppress in OPAC | 0 |
| Withdrawn status | Lost status | Source of classification or shelving scheme | Damaged status | Not for loan | Home library | Current library | Shelving location | Date acquired | Total Checkouts | Full call number | Barcode | Date last seen | Copy number | Price effective from | Koha item type |
|---|---|---|---|---|---|---|---|---|---|---|---|---|---|---|---|
| Dewey Decimal Classification | London | London | Journal article | 23/03/2012 | L155455 | 155455-1001 | 06/08/2019 | 1 | 06/08/2019 | Journal article |